Matematika. : Požiadavky pre štúdium na Ekonomickej univerzite v Bratislave

Salvato in:
Dettagli Bibliografici
Autori principali: Peller, František (Autore), Šáner, Viliam (Autore), Drobná, Oľga (Autore)
Natura: Libro
Lingua:slovacco
Pubblicazione: Bratislava : Ekonomická univerzita, 1993
Edizione:4.vyd.
Tags: Aggiungi Tag
Nessun Tag, puoi essere il primo ad aggiungerne!!

MARC

LEADER 00000nam a22000003a 4500
001 stu50607
005 20150617225705.5
008 991004s1993------------------------slo-d
020 |a 80-225-0466-1 
040 |a STU  |b slo 
041 0 |a slo 
080 |a 51(075.8) 
100 1 |a Peller, František  |4 aut 
245 1 |a Matematika. :  |b Požiadavky pre štúdium na Ekonomickej univerzite v Bratislave 
250 |a 4.vyd. 
260 |a Bratislava :  |b Ekonomická univerzita,  |c 1993 
300 |a 208 s 
700 1 |a Šáner, Viliam  |4 aut 
700 1 |a Drobná, Oľga  |4 aut 
996 |b 284V012231  |c V*40479/S-03  |l VVT  |s A  |a 24  |w stu50607_0001 
996 |b 284V030898  |c V*37866/S-99  |l VVT  |s A  |a 24  |w stu50607_0002